000 01072cam a22002774a 4500
001 15066625
005 20241211151415.0
008 071101s2008 ilua b 001 0 eng
020 _a9780802434340
020 _a0802434347
050 0 0 _aBR118
_b.E67 2008
082 0 0 _a230/.04624
_222
100 1 _aEnns, Paul P.,
_d1937-
245 1 4 _aThe moody handbook of theology /
_cPaul Enns.
250 _aRev. and expanded.
260 _aChicago :
_bMoody Publishers,
_cc2008.
300 _a766 p. :
_bill. ;
_c24 cm.
650 0 _aTheology
_vHandbooks, manuals, etc.
650 0 _aFundamentalism
_vHandbooks, manuals, etc.
650 0 _aDispensationalism
_vHandbooks, manuals, etc.
650 0 _aEvangelicalism
_vHandbooks, manuals, etc.
856 4 1 _3Table of contents only
_uhttp://www.loc.gov/catdir/toc/fy0803/2007045189.html
856 4 2 _3Contributor biographical information
_uhttp://www.loc.gov/catdir/enhancements/fy1113/2007045189-b.html
856 4 2 _3Publisher description
_uhttp://www.loc.gov/catdir/enhancements/fy1113/2007045189-d.html
942 _2lcc
_cBK
_n0
999 _c2064
_d2064